• 首页
  • 本馆介绍
  • 公告通知
  • 最新文献
  • 馆藏检索
  • 电子资源
  • 读者导购
  • 参考咨询
  • 我的图书馆
  • 登录
  • 详细信息显示
  • 放入我的书架
  • 预约/预借图书
  • 作者相关作品
  • 分类相关作品
  • 丛书相关作品
  • 出版社相关作品

书目信息

  • 表格格式
  • 工作单格式
  • 卡片格式
题名:
冠心病与急性心肌梗死疾病诊疗技术
    
 
作者: 袁婧玮 编著
分册:  
出版信息: 北京   化学工业出版社  2020.11
页数: 180页
开本: 21cm
丛书名:
单 册:
中图分类: R541.4 , R542.2
科图分类:
主题词: 冠心病--诊疗 , 急性病--心肌梗塞--诊疗
电子资源:
ISBN: 978-7-122-37654-1
000 01127nam0 2200241 450
001 2147055184
005 20210103130441.93
010    @a978-7-122-37654-1@dCNY38.00
100    @a20200911d2020 em y0chiy0110 ea
101 0  @achi
102    @aCN@b110000
105    @ay z 000yy
200 1  @a冠心病与急性心肌梗死疾病诊疗技术@9guan xin bing yu ji xing xin ji geng si ji bing zhen liao ji shu@f袁婧玮编著
210    @a北京@c化学工业出版社@d2020.11
215    @a180页@d21cm
330    @a《冠心病与急性心肌梗死疾病诊疗技术》一书以冠心病和心肌梗死这两种疾病为研究对象,详细介绍了这两种疾病的诊疗、预防以及护理调养。全书共6章,主要内容包括:冠心病的病理生理、冠心病的主要诊疗技术、冠心病疾病的预防与护理调养、急性心肌梗死的病理生理、急性心肌梗死的诊断与治疗、急性心肌梗死的护理调养与预防。书中融入了国内外的新近成就,内容丰富,突出临床,适合于心血管专业医师、科研工作者、高等院校医学相关专业的学生参考和阅读。
606 0  @a冠心病@x诊疗
606 0  @a急性病@x心肌梗塞@x诊疗
690    @aR541.4@v5
690    @aR542.2@v5
701  0 @a袁婧玮@9yuan jing wei@4编著
801  2 @aCN@b58marc.cn@c20200911
905    @aMUSE@dR541.4@e27
    
    冠心病与急性心肌梗死疾病诊疗技术/袁婧玮编著.-北京:化学工业出版社,2020.11
    180页;21cm
    
    
    ISBN 978-7-122-37654-1:CNY38.00
    《冠心病与急性心肌梗死疾病诊疗技术》一书以冠心病和心肌梗死这两种疾病为研究对象,详细介绍了这两种疾病的诊疗、预防以及护理调养。全书共6章,主要内容包括:冠心病的病理生理、冠心病的主要诊疗技术、冠心病疾病的预防与护理调养、急性心肌梗死的病理生理、急性心肌梗死的诊断与治疗、急性心肌梗死的护理调养与预防。书中融入了国内外的新近成就,内容丰富,突出临床,适合于心血管专业医师、科研工作者、高等院校医学相关专业的学生参考和阅读。
●
相关链接 在五车中查询图书 在当当中查询图书 在豆瓣中查询图书


正题名:冠心病与急性心肌梗死疾病诊疗技术     索取号:R541.4/27         预约/预借

序号 登录号 条形码 馆藏地/架位号 状态 备注
1 2000876543   2000876543   第二书库/ [索取号:R541.4/27] 在馆    
2 2000876544   2000876544   第二书库/ [索取号:R541.4/27] 在馆    
3 2000876545   2000876545   第二书库/ [索取号:R541.4/27] 在馆    
山东省滨州职业学院图书馆 欢迎您!
大连网信软件有限公司© 版权所有